| 000 | 00506nam a2200133Ia 4500 | ||
|---|---|---|---|
| 008 | 180815s9999 xx 000 0 und d | ||
| 020 | _a9711503131 | ||
| 100 | _aBautista, Lowell B. | ||
| 245 |
_cLowell B. Bautista.-- _aThe Philippine treaty limits : _bhistorical contexts and legal basis in international law / |
||
| 260 |
_aQuezon City : _bUniversity of the Philippines _c2015 |
||
| 300 | _aviii, 195 pages. | ||
| 650 | _aTerritorial waters -- Philippines. | ||
| 650 | _aTerritory, National -- Philippines. | ||
| 999 |
_c358319 _d358319 |
||